| 000 | 00543nam a2200181 a 4500 | ||
|---|---|---|---|
| 003 | AM-YEHGA | ||
| 005 | 20260403152027.0 | ||
| 008 | 260331s1887 ru |||||||||||||||0|rus|d | ||
| 040 | _aAM-YEHGA | ||
| 041 | 0 | _arus | |
| 100 | 1 | _aМинский, Николай Максимович | |
| 245 | 1 | 0 |
_aСтихотворения / _cН.М. Минский. |
| 260 |
_aСанкт-Петербург : _bтип. В.С. Балашева, _c1887. |
||
| 300 | _a248 с. | ||
| 650 | 1 | 4 | _aРусская поэзия |
| 942 |
_2udc _cBK |
||
| 001 | 2056332 | ||
| 999 |
_c542092 _d542092 |
||